Responses for show #5497 - Tuesday, July 1, 2008

Contestants

[<< previous game]

Karen Wegenke, a housewife from Sun Prairie, Wisconsin

Darryl Tahirali, a proposal writer originally from Toronto, Ontario, Canada

John Goodreau, a letter carrier from Arleta, California (whose 1-day cash winnings total $30,600)

[next game >>]

Jeopardy! Round responses

SUPREME COURT JUSTICES
BASEBALL HISTORY
(Alex: With clues from the Hard Rock Hotel & Casino in Vegas, we'll deal with...)
GAMBLING
GRASSHOP-POURRI
ARKANSAS
"LAND" OF OPPORTUNITY
    $200 1
Clarence Thomas

Darryl
    $200 2
salaries

John
    $200 7
7 & 11

Darryl
    $200 17
Montana

Darryl
    $200 19
(Alex: Oh! Darryl?)
...
(Alex: You should have let John ring in first, just so he could show off.)

AR

Darryl
    $200 10
a landslide

Darryl
    $400 3
Sandra Day O'Connor

Darryl
    $400 8
Pete Rose

Darryl
    $400 18
(Alex: Quick, do the math! [*].)

35-to-1

Triple Stumper
    $400 24
Mexico City

Darryl
    $400 20
Little Rock

Darryl
    $400 11
a gland

Triple Stumper
    $600 4
John Jay

Darryl
    $600 9
Tommy Lasorda

Karen
    $600 28
(John: What is poker?)
(Alex: Be more specific.)
(John: Um...uh...)
(Alex: We need a qualifier.)
...
(Darryl: What is stud poker?)

no-limit poker

JohnDarryl
Triple Stumper
    $600 25
"The Ant & the Grasshopper"

Darryl
    $1,600 21
the Mississippi River

Darryl
    $600 12
Homeland Security

Karen
    $800 5
Earl Warren

John
    $800 14
Derek Jeter

Darryl
    $800 29
pai gow

John
    $800 26
Caine

Darryl
    $800 22
the people

John
    $800 13
landfall

Darryl
    $1000 6
(Darryl: Who is Frankfurter?)

Brandeis

JohnDarryl
    $1000 15
(Darryl: What is a farm team? [long pause] A [*]?)
(Alex: That's it. Farm teams coming out of the [*].)

farm system

Darryl
    $1000 27
(John: Who are the Hopi?)

Ute

JohnDarryl
    $1000 23
Hope

Darryl
    $1000 16
an eland

John

Scores at the first commercial break (after clue 15):

John Darryl Karen
$2,000 $3,600 $1,200

Scores at the end of the Jeopardy! Round:

John Darryl Karen
$3,000 $9,200 $1,200

Double Jeopardy! Round responses

BOOKS & AUTHORS
PARTS OF A SONG
THE BRITISH ROYALS
SIGNS & SYMBOLS
ART
FOREIGN WORDS & PHRASES
    $400 1
Lady Chatterley's Lover

Karen
    $400 6
the bridge

John
    $400 20
FDR

Karen
    $400 16
an elephant

Darryl
    $400 19
Paul Revere

Darryl
    $400 9
grapes

Darryl
    $800 2
Thomas Hardy

Darryl
    $800 7
a guitar solo

Darryl
    $800 24
(Darryl: Who is Prince William?)
(Karen: [Long pause] The other one...who is Prince...[buzzer] Harry!)
(John: Who is Prince Harry?)

Prince Charles

JohnDarrylKaren
Triple Stumper
    $800 17
spring

Darryl
    $800 23
the Empire State Building

Darryl
    $800 10
Russian

Darryl
    $1200 3
Norman Mailer

Triple Stumper
    $1200 8
(John: What is diminuendo?)
(Karen: What is a fadeaway?)
...
(Alex: Correct response, what is [*]. [*]. Not dimin--remember, it had to apply to songs as well as films.)

a fadeout

JohnKaren
Triple Stumper
    $1200 25
Prince William

Darryl
    $1200 18
shadows

John
    $1200 27
Currier & Ives

John
    $1200 11
a yenta

John
    $1600 4
P.G. Wodehouse

John
    $2,000 14
(Karen: [Long pause] What is [*]?)

riff

Karen
    $1600 26
Princess Anne

Karen
    $1600 21
a rainbow

John
    $4,000 28
(John: [Long pause, with eyes closed] Who is [*]?)

Grant Wood

John
    $1600 12
kismet

Darryl
    $2000 5
Finnegans Wake

Darryl
    $2000 15
(Alex: Those are the German [*].)

lieder

Triple Stumper
    $2000 22
aleph

John
    $2000 13
our friends

Karen

Scores at the end of the Double Jeopardy! Round:

John Darryl Karen
$14,200 $18,400 $5,600

[wagering suggestions for these scores]

Final Jeopardy! Round responses

PRESIDENTIAL RELATIVES
(Alex: One of the reasons, he was relatively young when he was inaugurated.)
KarenWho is Gerald Ford?
$5,600
JohnWho is J.Q. Adams
$8,500
DarrylWho was John F. Kennedy?
$10,001
John F. Kennedy

Final scores:

John Darryl Karen
$5,700 $28,401 $0
2nd place: $2,000 New champion: $28,401 3rd place: $1,000

Game dynamics:

Coryat scores:

John Darryl Karen
$11,800 $17,400 $5,200
14 R
(including 1 DD),
4 W
29 R
(including 1 DD),
3 W
7 R
(including 1 DD),
2 W

Combined Coryat: $34,400

The J! Archive is created by fans, for fans. The Jeopardy! game show and all elements thereof, including but not limited to copyright and trademark thereto, are the property of Jeopardy Productions, Inc. and are protected under law. This website is not affiliated with, sponsored by, or operated by Jeopardy Productions, Inc. Join the discussion at JBoard.tv.